Welcome to CU Library Online Public Access Catalogue (OPAC)

Data Protection Law and Practice/ (Record no. 204)

MARC details
000 -LEADER
fixed length control field 00460nam a22001697a 4500
005 - DATE AND TIME OF LATEST TRANSACTION
control field 20241025155403.0
008 - FIXED-LENGTH DATA ELEMENTS--GENERAL INFORMATION
fixed length control field 241025b |||||||| |||| 00| 0 eng d
020 ## - INTERNATIONAL STANDARD BOOK NUMBER
International Standard Book Number 9780414024960
050 ## - LIBRARY OF CONGRESS CALL NUMBER
Classification number KD1957
Item number C65J39
100 ## - MAIN ENTRY--PERSONAL NAME
Personal name Jay, Rosemary
Dates associated with a name 2012
245 ## - TITLE STATEMENT
Title Data Protection Law and Practice/
Medium Text
250 ## - EDITION STATEMENT
Edition statement Fourth Edition
260 ## - PUBLICATION, DISTRIBUTION, ETC.
Place of publication, distribution, etc. London
Name of publisher, distributor, etc. Sweet & Maxwell
Date of publication, distribution, etc. 2012
300 ## - PHYSICAL DESCRIPTION
Extent lxxxii, 1330 pages.
Other physical details Index
Dimensions 24 cm
650 ## - SUBJECT ADDED ENTRY--TOPICAL TERM
Source of heading or term Law
942 ## - ADDED ENTRY ELEMENTS (KOHA)
Source of classification or shelving scheme Library of Congress Classification
Koha item type Books
Suppress in OPAC No
999 ## -
-- 204
-- 204
Holdings
Withdrawn status Lost status Source of classification or shelving scheme Damaged status Not for loan Home library Current library Shelving location Date acquired Total checkouts Full call number Barcode Date last seen Price effective from Koha item type Copy number
    Library of Congress Classification     Law Library (Kumasi) Law Library (Kumasi) General stacks 03/18/2025   KD1957.C65J39 llk00000081 03/18/2025 03/18/2025 Books 2
    Library of Congress Classification     Law Library Annex (Miotso) Law Library Annex (Miotso) General stacks 10/25/2024   KD1957.C65J39 LLM00000127 10/25/2024 10/25/2024 Books  
© 2023-2024 Copyright: Central University Libraries. All Rights Reserved | Created by: Mahone Tech Office